[Event "Cracovia 2009"]
[Site "Krakow"]
[Date "2009.12.31"]
[Round "5.22"]
[White "Barski, Radoslaw"]
[Black "Pietruszewski, Marcin"]
[Result "1-0"]
[WhiteElo "2206"]
[BlackElo "2071"]
[PlyCount "75"]
[EventDate "2009.??.??"]

1. d4 d5 2. c4 c6 3. Nc3 Nf6 4. e3 a6 5. Nf3 b5 6. c5 Bg4 7. h3 Bxf3 8. Qxf3
Nbd7 9. g4 e5 10. Qg3 Qe7 11. Be2 g6 12. a3 Bg7 13. O-O O-O 14. f3 Ne8 15. Rd1
Nc7 16. f4 exd4 17. exd4 Nxc5 18. dxc5 d4 19. Ne4 Qxe4 20. Bf3 Qc2 21. Bd2 Nd5
22. Bxd5 cxd5 23. Rac1 Qxb2 24. Qd3 b4 25. Bxb4 Rab8 26. Rc2 Rxb4 27. Rxb2 Rxb2
28. Rc1 Re8 29. c6 Ree2 30. c7 Rg2+ 31. Kf1 Rbf2+ 32. Ke1 Rg1+ 33. Kxf2 Rxc1
34. Qb3 Bf8 35. Qb8 Rc2+ 36. Ke1 d3 37. c8=Q d2+ 38. Kd1 1-0

[Event "Cracovia 2009"]
[Site "Krakow"]
[Date "2009.12.31"]
[Round "5.23"]
[White "Warakomska, Anna"]
[Black "Korosciel, Aneta"]
[Result "1-0"]
[WhiteElo "2189"]
[BlackElo "2030"]
[PlyCount "97"]
[EventDate "2009.??.??"]

1. e4 e5 2. Nf3 Nf6 3. Nxe5 d6 4. Nf3 Nxe4 5. Nc3 Nxc3 6. dxc3 Be7 7. Bf4 Nc6
8. Qd2 Be6 9. O-O-O Qd7 10. Kb1 a6 11. Ng5 Bxg5 12. Bxg5 f6 13. Be3 O-O-O 14.
Be2 Rhe8 15. Rhe1 Bg4 16. f3 Be6 17. b3 Re7 18. Bf2 Bf7 19. f4 Rde8 20. Bf3
Rxe1 21. Rxe1 Rxe1+ 22. Qxe1 f5 23. Qe3 Qe8 24. Qd3 Be6 25. c4 Bd7 26. Bxc6
Bxc6 27. Qxf5+ Kb8 28. Qxh7 Qf8 29. g3 Be8 30. Bd4 g6 31. Qh4 b6 32. Qg5 Qf7
33. g4 Bd7 34. h3 Kb7 35. Qd5+ Qxd5 36. cxd5 Kc8 37. c4 Kd8 38. Kc2 Ke7 39. a4
Kf7 40. Kd3 Bc8 41. Ke4 Bd7 42. f5 g5 43. Kf3 Be8 44. Kg3 Bd7 45. h4 gxh4+ 46.
Kxh4 Be8 47. g5 Bd7 48. g6+ Kf8 49. Kg5 1-0

[Event "Cracovia 2009"]
[Site "Krakow"]
[Date "2009.12.31"]
[Round "5.24"]
[White "Czyz, Artur"]
[Black "Gosciniak, Maria"]
[Result "1/2-1/2"]
[WhiteElo "2070"]
[BlackElo "2188"]
[PlyCount "55"]
[EventDate "2009.??.??"]

1. e4 g6 2. d4 Bg7 3. Nc3 c6 4. f4 d5 5. e5 Qb6 6. Be2 f6 7. Nf3 Nh6 8. O-O Bg4
9. Na4 Qc7 10. c4 O-O 11. cxd5 cxd5 12. Nc3 e6 13. h3 Bxf3 14. Bxf3 fxe5 15.
fxe5 Nf5 16. g4 Nh4 17. Be2 Rxf1+ 18. Qxf1 Qe7 19. Be3 Nc6 20. Qc1 Qf7 21. Nb5
Nf3+ 22. Kg2 Nh4+ 23. Kg3 g5 24. Bxg5 Nxd4 25. Nxd4 Bxe5+ 26. Kxh4 Bxd4 27. Be3
Bxe3 28. Qxe3 1/2-1/2

[Event "Cracovia 2009"]
[Site "Krakow"]
[Date "2009.12.31"]
[Round "5.25"]
[White "Bartel, Michal"]
[Black "Jussupow, Alexander"]
[Result "1-0"]
[WhiteElo "2234"]
[BlackElo "2110"]
[PlyCount "91"]
[EventDate "2009.??.??"]

1. e4 g6 2. d4 Bg7 3. Nc3 d6 4. Nf3 a6 5. a4 b6 6. Bc4 e6 7. Qe2 Ne7 8. O-O O-O
9. Re1 Nd7 10. Bg5 Bb7 11. Rad1 h6 12. Bc1 Re8 13. d5 exd5 14. exd5 Nf6 15. Qd3
Qd7 16. Re2 Qf5 17. Qd2 Kf8 18. h3 Neg8 19. Nd4 Qd7 20. Qd3 Rxe2 21. Ndxe2 Ne7
22. Ng3 h5 23. Bg5 c5 24. Qf3 Neg8 25. Bf4 Re8 26. Qd3 h4 27. Nf1 Ne7 28. Bxa6
Bxd5 29. Bb5 Bc6 30. Qxd6 Bxb5 31. Nxb5 Qb7 32. Be5 Ne4 33. Bxg7+ Kxg7 34. Qf4
Nf5 35. Ne3 Nxe3 36. Qxe3 Re6 37. Nc3 Ng3 38. Qf4 Nf5 39. Kh2 Qc6 40. b3 Qb7
41. Rd8 Qe7 42. Rd5 Re1 43. Nd1 Re2 44. c3 g5 45. Qxf5 Qc7+ 46. f4 1-0

[Event "Cracovia 2009"]
[Site "Krakow"]
[Date "2009.12.31"]
[Round "5.26"]
[White "Kondopoulos, Dimitrios"]
[Black "Zysko, Jan"]
[Result "0-1"]
[WhiteElo "2061"]
[BlackElo "2205"]
[PlyCount "94"]
[EventDate "2009.??.??"]

1. Nf3 d5 2. g3 Bg4 3. Bg2 Nd7 4. c4 e6 5. Nc3 c6 6. cxd5 exd5 7. O-O Ngf6 8.
d4 Be7 9. Ne5 Bf5 10. Bf4 O-O 11. Rc1 Re8 12. Kh1 Bf8 13. f3 Nxe5 14. Bxe5 Nd7
15. Bf4 Bb4 16. Re1 Nb6 17. e4 Be6 18. a3 Bf8 19. Qd3 Qd7 20. Rc2 Rad8 21. Bg5
f6 22. Be3 dxe4 23. Nxe4 Bf7 24. b4 Bg6 25. Rcc1 Nd5 26. Bf2 a6 27. Qb3 Bf5 28.
Nc5 Bxc5 29. dxc5 Bh3 30. Rcd1 Bxg2+ 31. Kxg2 Qf7 32. Qc2 Qh5 33. Qc4 Qf7 34.
Qc2 Rd7 35. Qf5 g6 36. Qc2 Rde7 37. Qc1 Re2 38. Rxe2 Rxe2 39. Re1 Qe6 40. Rxe2
Qxe2 41. h4 Kg7 42. g4 h5 43. g5 f5 44. Qa1+ Kg8 45. Qe1 Ne3+ 46. Kg3 f4+ 47.
Kh3 Qxf3+ 0-1

[Event "Cracovia 2009"]
[Site "Krakow"]
[Date "2009.12.31"]
[Round "5.27"]
[White "Veltkamp, Gerben"]
[Black "Kumor, Lukasz"]
[Result "1/2-1/2"]
[WhiteElo "2166"]
[BlackElo "2104"]
[PlyCount "121"]
[EventDate "2009.??.??"]

1. d4 d5 2. c4 c6 3. Nf3 Nf6 4. Nc3 dxc4 5. e4 b5 6. e5 Nd5 7. a4 Nxc3 8. bxc3
e6 9. axb5 cxb5 10. Ng5 Bb7 11. Qh5 g6 12. Qg4 Be7 13. h4 h6 14. Ne4 h5 15. Qf4
Bxe4 16. Qxe4 Qd5 17. Qf4 a5 18. Be2 Qd8 19. Rb1 Qd7 20. Qe4 Ra7 21. Bxc4 Rb7
22. d5 exd5 23. Bxd5 Rb6 24. Be3 Ra6 25. O-O Qg4 26. Rxb5 Nd7 27. Bd4 O-O 28.
Qxg4 hxg4 29. Bb7 Re6 30. Rxa5 Bxh4 31. g3 Bd8 32. Ra8 Bc7 33. Rxf8+ Kxf8 34.
Bd5 Re7 35. e6 fxe6 36. Be4 Kf7 37. Kg2 Be5 38. Ra1 Bxd4 39. cxd4 Nf6 40. Bc6
Rc7 41. Ra6 Nd7 42. Bb5 Rb7 43. Bc4 Rb6 44. Rxb6 Nxb6 45. Be2 e5 46. dxe5 Ke6
47. Bxg4+ Kxe5 48. Bd1 Nc4 49. Kh3 g5 50. Kg4 Kf6 51. Kh5 Ne5 52. Be2 Nf7 53.
Bc4 Ne5 54. Bd5 Nd3 55. f3 Ne5 56. Kh6 Ng6 57. Be4 Ne5 58. Kh5 Nf7 59. Kg4 Ne5+
60. Kh3 Nf7 61. Kg4 1/2-1/2

[Event "Cracovia 2009"]
[Site "Krakow"]
[Date "2009.12.31"]
[Round "5.29"]
[White "Zajac, Mateusz"]
[Black "Jussupow, Ekaterina"]
[Result "0-1"]
[WhiteElo "1839"]
[BlackElo "2153"]
[PlyCount "100"]
[EventDate "2009.??.??"]

1. d4 Nf6 2. Nf3 d5 3. c4 e6 4. cxd5 exd5 5. Nc3 c6 6. Bg5 Be7 7. e3 Bf5 8.
Bxf6 Bxf6 9. Bd3 Bxd3 10. Qxd3 O-O 11. O-O Nd7 12. Rab1 a6 13. b4 b5 14. a4 Nb6
15. Nd2 Qd6 16. a5 Nc4 17. Nxc4 bxc4 18. Qd2 Rfe8 19. Rfe1 Bg5 20. Na4 Reb8 21.
Nc5 Rb5 22. Qc3 f5 23. Qc2 g6 24. g3 Bd8 25. Kg2 Qb8 26. Qc3 Bxa5 27. Nd7 Qd6
28. bxa5 Qxd7 29. Rxb5 cxb5 30. h4 Qd6 31. Rb1 Rb8 32. Rb4 Qc7 33. Rb1 Kf7 34.
Kf1 b4 35. Rxb4 Rxb4 36. Qxb4 c3 37. Qa3 c2 38. Qc1 Qc3 39. Ke2 Ke6 40. f3 Kd7
41. g4 Kc6 42. h5 Kb5 43. hxg6 hxg6 44. gxf5 gxf5 45. f4 Kxa5 46. e4 dxe4 47.
d5 Kb5 48. d6 Kc6 49. d7 Kxd7 50. Qd2+ Qd3+ 0-1

[Event "Cracovia 2009"]
[Site "Krakow"]
[Date "2009.12.31"]
[Round "5.30"]
[White "Watorek, Marcin"]
[Black "Staroszczyk, Mateusz"]
[Result "1/2-1/2"]
[WhiteElo "2133"]
[BlackElo "2044"]
[PlyCount "63"]
[EventDate "2009.??.??"]

1. d4 g6 2. c4 Bg7 3. g3 d6 4. Bg2 Nd7 5. Nc3 e5 6. Nf3 Ne7 7. O-O O-O 8. e4
exd4 9. Nxd4 Ne5 10. b3 N7c6 11. Nde2 f5 12. f4 Ng4 13. h3 Nh6 14. Bb2 fxe4 15.
Qd5+ Kh8 16. Qxe4 Nf5 17. Rae1 Re8 18. Qb1 Ne3 19. Rf2 Nxg2 20. Kxg2 Bf5 21.
Qa1 Qd7 22. g4 Be4+ 23. Nxe4 Rxe4 24. Ng3 Rxe1 25. Qxe1 Bxb2 26. Rxb2 Re8 27.
Re2 Rxe2+ 28. Qxe2 Qe7 29. Qb2+ Kg8 30. f5 Qe3 31. fxg6 hxg6 32. Qf6 1/2-1/2

[Event "Cracovia 2009"]
[Site "Krakow"]
[Date "2009.12.31"]
[Round "5.31"]
[White "Mucha, Roman"]
[Black "Wiewiora, Eneasz"]
[Result "0-1"]
[WhiteElo "2185"]
[BlackElo "2023"]
[PlyCount "118"]
[EventDate "2009.??.??"]

1. c4 g6 2. Nc3 Bg7 3. d4 Nf6 4. e4 d6 5. Be2 O-O 6. Bg5 c5 7. d5 e6 8. Nf3
exd5 9. cxd5 Re8 10. Nd2 Na6 11. O-O Nc7 12. a4 a6 13. f3 b6 14. Ra3 Rb8 15.
Rb3 h6 16. Bh4 g5 17. Bf2 Qe7 18. Ra3 Bd7 19. Qb1 Rec8 20. b4 b5 21. axb5 Nxb5
22. Nxb5 Bxb5 23. Bxb5 axb5 24. Nb3 Nd7 25. Ra7 Ra8 26. Qa2 Qf8 27. Qa5 cxb4
28. Qxb5 Rxa7 29. Bxa7 Nc5 30. Qxb4 Ra8 31. Nxc5 Rxa7 32. Nd3 Ra2 33. Rb1 Kh7
34. h3 Qc8 35. Rc1 Rc2 36. Qb1 Rxc1+ 37. Qxc1 Qa6 38. Qb1 Bd4+ 39. Kh1 Kg7 40.
Qd1 Qa2 41. Nb4 Qf2 42. Nc6 Bc3 43. Ne7 Be5 44. Nf5+ Kg6 45. Ne7+ Kg7 46. Qg1
Qe2 47. Nc6 Bf4 48. Qa1+ Kh7 49. Nd4 Qf2 50. Nf5 Be5 51. Qb1 h5 52. Qg1 Qe2 53.
h4 g4 54. Qc1 Bg7 55. Ng3 Qf2 56. Qf4 Kg8 57. Qxd6 gxf3 58. gxf3 Bd4 59. Qd8+
Kh7 0-1

[Event "Cracovia 2009"]
[Site "Krakow"]
[Date "2009.12.31"]
[Round "5.32"]
[White "Wandzik, Wojciech"]
[Black "Jussupow, Nadia"]
[Result "1-0"]
[WhiteElo "2092"]
[BlackElo "2178"]
[PlyCount "47"]
[EventDate "2009.??.??"]

1. e4 c5 2. Nf3 d6 3. Bb5+ Bd7 4. Bxd7+ Qxd7 5. O-O Nc6 6. c3 Nf6 7. Re1 e6 8.
d4 Be7 9. Bg5 h6 10. Bf4 g5 11. Bg3 O-O-O 12. d5 Nb8 13. b4 Rdg8 14. bxc5 exd5
15. e5 dxe5 16. Nxe5 Qe8 17. c4 dxc4 18. c6 Nxc6 19. Nxc6 bxc6 20. Qa4 Qd7 21.
Nc3 Nd5 22. Rab1 Bd6 23. Nxd5 Bxg3 24. Ne7+ 1-0

[Event "Cracovia 2009"]
[Site "Krakow"]
[Date "2009.12.31"]
[Round "5.33"]
[White "Luca, Ionel"]
[Black "Tantsiura, Marja"]
[Result "1-0"]
[WhiteElo "2153"]
[BlackElo "1995"]
[PlyCount "151"]
[EventDate "2009.??.??"]

1. c4 Nf6 2. Nc3 g6 3. g3 Bg7 4. Bg2 O-O 5. d3 d6 6. Bd2 e5 7. Qc1 c6 8. Nf3
Nbd7 9. O-O Re8 10. Bg5 Nc5 11. Ne4 Ncxe4 12. dxe4 Qc7 13. Ne1 Bg4 14. f3 Be6
15. Nd3 Nd7 16. Kh1 a5 17. Rb1 a4 18. Rd1 Rec8 19. b3 axb3 20. axb3 Qb8 21. Be7
Re8 22. Bg5 b5 23. c5 dxc5 24. Nxc5 Nxc5 25. Qxc5 Bf8 26. Qe3 Ra3 27. Rd3 c5
28. Rbd1 Qa7 29. h4 c4 30. bxc4 Qxe3 31. Bxe3 Bxc4 32. Rxa3 Bxa3 33. Bf1 Rc8
34. f4 f6 35. fxe5 fxe5 36. Bh3 Rb8 37. Rd7 Bf8 38. h5 b4 39. Bc1 b3 40. Bb2
Rb5 41. Rc7 Bf7 42. Rc8 gxh5 43. Bf5 h6 44. Kg2 Ra5 45. Rb8 Kg7 46. Rb7 Kf6 47.
Rb6+ Kg7 48. Rb7 Kf6 49. Rb6+ Kg7 50. Be6 Bxe6 51. Rxe6 Kf7 52. Rb6 Ra4 53.
Rxb3 Rxe4 54. Kf3 Rc4 55. Bxe5 h4 56. g4 Ra4 57. Rb7+ Kg6 58. Rb6+ Kh7 59. Bf4
Rb4 60. Re6 Ra4 61. Rf6 Bg7 62. Rf5 Ra1 63. Rh5 Rf1+ 64. Ke4 Kg6 65. Rxh4 Rg1
66. Be3 Rg3 67. Bf2 Ra3 68. Rh1 Ra5 69. Be3 Ra4+ 70. Kf3 Ra5 71. Rc1 h5 72.
Rc6+ Kf7 73. g5 Rf5+ 74. Kg3 Re5 75. Rc7+ Kf8 76. Bc5+ 1-0

[Event "Cracovia 2009"]
[Site "Krakow"]
[Date "2009.12.31"]
[Round "5.34"]
[White "Gluszko, Monika"]
[Black "Rago, Riccardo"]
[Result "1/2-1/2"]
[WhiteElo "1983"]
[BlackElo "2105"]
[PlyCount "144"]
[EventDate "2009.??.??"]

1. e4 c5 2. Nf3 Nc6 3. d4 cxd4 4. Nxd4 Nf6 5. Nc3 e5 6. Ndb5 d6 7. Bg5 a6 8.
Na3 b5 9. Bxf6 gxf6 10. Nd5 Bg7 11. c3 O-O 12. Qf3 Be6 13. Rd1 Bxd5 14. Rxd5
Ne7 15. Rd2 Qd7 16. g3 Rad8 17. Bg2 Qe6 18. b3 f5 19. exf5 Qf6 20. Qb7 Bh6 21.
Rd3 d5 22. O-O Rb8 23. Qa7 Ra8 24. Qc5 Rfc8 25. Qb4 e4 26. Rxd5 Nxd5 27. Qxe4
Nxc3 28. Qg4+ Qg5 29. Qxg5+ Bxg5 30. Bxa8 Rxa8 31. Nc2 Nxa2 32. Rd1 Rc8 33. Nd4
Bf6 34. Nf3 Rc3 35. Rd6 Kg7 36. Kg2 Nb4 37. g4 h6 38. h4 Rxb3 39. g5 hxg5 40.
hxg5 Bb2 41. Rd7 Rd3 42. Rb7 Rd8 43. g6 Rf8 44. Ng5 Nd5 45. Ne6+ Kf6 46. Nxf8
fxg6 47. fxg6 Ne7 48. Nh7+ Ke6 49. Ng5+ Kf6 50. Ne4+ Ke6 51. Rb6+ Kf5 52. Ng3+
Kg5 53. f4+ Kxf4 54. g7 Bxg7 55. Nh5+ Ke4 56. Nxg7 Nd5 57. Rxa6 b4 58. Ne6 Kd3
59. Rd6 Kc4 60. Rc6+ Kd3 61. Kf3 b3 62. Nc5+ Kc4 63. Nxb3+ Kxb3 64. Ke4 Nb4 65.
Rc8 Nc2 66. Kd3 Nb4+ 67. Kd2 Nd5 68. Rc5 Nb4 69. Rh5 Kc4 70. Rh4+ Kc5 71. Kc3
Nd5+ 72. Kb3 Nb6 1/2-1/2

[Event "Cracovia 2009"]
[Site "Krakow"]
[Date "2009.12.31"]
[Round "5.35"]
[White "Malec, Sebastian"]
[Black "Andrzejewska, Anna"]
[Result "1-0"]
[WhiteElo "2100"]
[BlackElo "2007"]
[PlyCount "71"]
[EventDate "2009.??.??"]

1. e4 e5 2. Nf3 Nc6 3. Bc4 Bc5 4. c3 Nf6 5. d4 exd4 6. e5 d5 7. Bb5 Ne4 8. cxd4
Bb6 9. Nc3 O-O 10. Be3 Bf5 11. Rg1 Nb4 12. Ne2 c6 13. Ba4 Ba5 14. Kf1 f6 15. g4
Bd7 16. a3 Na6 17. Nf4 fxe5 18. Nxe5 Qh4 19. Rg2 Qe7 20. Kg1 Nc7 21. Qd3 Nc5
22. Neg6 hxg6 23. dxc5 Ne6 24. Nxg6 Qf6 25. f4 Rfe8 26. g5 Qf7 27. Bc2 Nf8 28.
Ne5 Qh5 29. Rf1 Bh3 30. Rf3 Bxg2 31. Kxg2 Rxe5 32. fxe5 Qg4+ 33. Rg3 Qe4+ 34.
Qxe4 dxe4 35. Bb3+ Kh7 36. g6+ 1-0

[Event "Cracovia 2009"]
[Site "Krakow"]
[Date "2009.12.31"]
[Round "5.36"]
[White "Motyl, Tomasz"]
[Black "Grabowski, Adam"]
[Result "1/2-1/2"]
[WhiteElo "2022"]
[BlackElo "1924"]
[PlyCount "120"]
[EventDate "2009.??.??"]

1. e4 e5 2. Nc3 Nf6 3. Bc4 Bc5 4. d3 Nc6 5. f4 d6 6. Nf3 O-O 7. f5 Nd4 8. Na4
b5 9. Nxd4 Bxd4 10. Bxb5 Nxe4 11. dxe4 Qh4+ 12. Kd2 Bxf5 13. Bc6 Bxe4 14. Bxe4
Qxe4 15. Qf3 Qh4 16. g3 Qh6+ 17. Kd1 Qe6 18. Bd2 e4 19. Qe2 e3 20. c3 Qd5 21.
Kc2 Qc6 22. Qd3 Qxa4+ 23. b3 Qc6 24. Qxd4 exd2 25. Rhd1 Rfe8 26. Rxd2 Re4 27.
Qd5 Qxd5 28. Rxd5 Re2+ 29. Rd2 Rae8 30. Rf1 f6 31. Rf4 R8e4 32. Rxe4 Rxe4 33.
Kd3 Re5 34. Kc4 Kf7 35. a4 Ke6 36. b4 c6 37. b5 Kd7 38. Kb4 Kc7 39. c4 Re4 40.
bxc6 Kxc6 41. Rd5 Re5 42. Rb5 a6 43. Rb8 a5+ 44. Kc3 Re3+ 45. Kd4 Ra3 46. Rc8+
Kd7 47. Rg8 Rxa4 48. Kd5 Ra2 49. Rxg7+ Kc8 50. Kxd6 Rxh2 51. c5 Rd2+ 52. Kc6
Kd8 53. Rxh7 a4 54. Ra7 Rd3 55. Rxa4 Rxg3 56. Ra8+ Ke7 57. Kc7 f5 58. c6 Rc3
59. Ra5 f4 60. Rf5 f3 1/2-1/2

[Event "Cracovia 2009"]
[Site "Krakow"]
[Date "2010.01.02"]
[Round "6.1"]
[White "Czarnota, Pawel"]
[Black "Zubov, Alexander"]
[Result "1/2-1/2"]
[WhiteElo "2528"]
[BlackElo "2581"]
[PlyCount "86"]
[EventDate "2009.??.??"]

1. e4 e5 2. Nf3 Nc6 3. Bb5 Nf6 4. O-O Nxe4 5. d4 Nd6 6. Bxc6 dxc6 7. dxe5 Nf5
8. Qxd8+ Kxd8 9. Nc3 Ne7 10. h3 Ng6 11. b3 Be7 12. Bb2 h5 13. Ne4 h4 14. Rfe1
Be6 15. Neg5 Bxg5 16. Nxg5 Ke8 17. Rad1 Rd8 18. Rxd8+ Kxd8 19. g4 hxg3 20. fxg3
Ke8 21. g4 Nf4 22. Kh2 Bc8 23. Kg3 Ne6 24. Nxe6 Bxe6 25. Rd1 Bc8 26. h4 Ke7 27.
h5 b6 28. Kf4 Be6 29. Bc3 c5 30. Rh1 Kd7 31. g5 g6 32. h6 Kc8 33. Rd1 Re8 34.
Ke3 Rh8 35. Rd3 Re8 36. Kd2 Rh8 37. Kc1 Re8 38. Kb2 Rh8 39. Rd2 Re8 40. Rd1 Rh8
41. a3 Re8 42. Rf1 Rd8 43. Kc1 Re8 1/2-1/2

[Event "Cracovia 2009"]
[Site "Krakow"]
[Date "2010.01.02"]
[Round "6.2"]
[White "Shishkin, Vadim"]
[Black "Cyborowski, Lukasz"]
[Result "1/2-1/2"]
[WhiteElo "2507"]
[BlackElo "2517"]
[PlyCount "26"]
[EventDate "2009.??.??"]

1. d4 Nf6 2. c4 e6 3. Nc3 d5 4. Nf3 c5 5. cxd5 Nxd5 6. e4 Nxc3 7. bxc3 cxd4 8.
cxd4 Bb4+ 9. Bd2 Bxd2+ 10. Qxd2 O-O 11. Bc4 b6 12. O-O Nd7 13. Rad1 Bb7 1/2-1/2

[Event "Cracovia 2009"]
[Site "Krakow"]
[Date "2010.01.02"]
[Round "6.3"]
[White "Warakomski, Tomasz"]
[Black "Jerez Perez, Alfonso"]
[Result "1-0"]
[WhiteElo "2485"]
[BlackElo "2406"]
[PlyCount "99"]
[EventDate "2009.??.??"]

1. e4 c5 2. Nf3 d6 3. d4 cxd4 4. Nxd4 Nf6 5. Nc3 Nc6 6. Bc4 e6 7. Be3 Be7 8.
Qe2 O-O 9. O-O-O d5 10. Nf3 Nxe4 11. Nxe4 Qc7 12. Bd3 dxe4 13. Bxe4 e5 14. h4
h6 15. Qc4 Be6 16. Bd5 Bxd5 17. Rxd5 Rac8 18. a3 Rfd8 19. Rhd1 a6 20. Rxd8+
Rxd8 21. Rxd8+ Qxd8 22. h5 Qd7 23. g4 b5 24. Qe4 Qe6 25. Kd1 Bf6 26. Ne1 Na5
27. b3 Nc6 28. Nd3 Be7 29. Bc1 Bf6 30. Bb2 Qd6 31. Kc1 a5 32. Kb1 Qe6 33. f3
Qd6 34. Bc3 Kh8 35. Kb2 Kg8 36. Ka2 Kh8 37. Bb2 Kg8 38. Qe3 Qd5 39. Nf2 Bg5 40.
Qe4 Qc5 41. Qe2 Nd4 42. Bxd4 exd4 43. Nd3 Qc6 44. Ne5 Qc7 45. Kb1 Bf4 46. Ng6
Kh7 47. Qe8 Qb8 48. Qxf7 Be5 49. Nf8+ Kh8 50. Qf5 1-0

[Event "Cracovia 2009"]
[Site "Krakow"]
[Date "2010.01.02"]
[Round "6.4"]
[White "Strzemiecki, Zbigniew"]
[Black "Sharapov, Evgeny"]
[Result "1/2-1/2"]
[WhiteElo "2333"]
[BlackElo "2521"]
[PlyCount "57"]
[EventDate "2009.??.??"]

1. e4 c5 2. Nf3 d6 3. Bb5+ Bd7 4. Bxd7+ Qxd7 5. c4 Nf6 6. Nc3 g6 7. O-O Bg7 8.
d4 cxd4 9. Nxd4 O-O 10. h3 Nc6 11. Be3 Rac8 12. b3 Rfd8 13. Rc1 e6 14. Qf3 Ne5
15. Qe2 a6 16. Rfd1 Qe7 17. Nf3 Nxf3+ 18. Qxf3 Nd7 19. Bf4 Ne5 20. Qe3 Bf6 21.
Bg3 g5 22. Ne2 Kh8 23. Nd4 g4 24. hxg4 Nxg4 25. Qe2 Ne5 26. Nf3 Rc5 27. Bxe5
Bxe5 28. b4 Rcc8 29. Nxe5 1/2-1/2

[Event "Cracovia 2009"]
[Site "Krakow"]
[Date "2010.01.02"]
[Round "6.5"]
[White "Brodowski, Piotr"]
[Black "Krzyzanowski, Marcin"]
[Result "1/2-1/2"]
[WhiteElo "2425"]
[BlackElo "2333"]
[PlyCount "25"]
[EventDate "2009.??.??"]

1. c4 c6 2. Nf3 d5 3. b3 Nf6 4. Bb2 Bf5 5. d3 e6 6. Nbd2 h6 7. g3 Be7 8. Bg2
O-O 9. O-O Nbd7 10. Qc2 Bh7 11. Ne5 Nxe5 12. Bxe5 a5 13. Qb2 1/2-1/2

[Event "Cracovia 2009"]
[Site "Krakow"]
[Date "2010.01.02"]
[Round "6.6"]
[White "Rutkowski, Maciej"]
[Black "Nguyen, Piotr"]
[Result "1/2-1/2"]
[WhiteElo "2405"]
[BlackElo "2353"]
[PlyCount "39"]
[EventDate "2009.??.??"]

1. d4 d6 2. Nf3 g6 3. e4 Bg7 4. Nc3 a6 5. a4 Bg4 6. Be2 Nc6 7. Be3 e5 8. dxe5
dxe5 9. Qxd8+ Rxd8 10. Nd5 Rd7 11. h3 Bxf3 12. Bxf3 Nd4 13. Bd1 f5 14. f3 fxe4
15. fxe4 Nf6 16. Nxf6+ Bxf6 17. O-O Be7 18. c3 Ne6 19. Bg4 Rd6 20. Bxe6 1/2-1/2

[Event "Cracovia 2009"]
[Site "Krakow"]
[Date "2010.01.02"]
[Round "6.7"]
[White "Rudnicki, Milosz"]
[Black "Rudolf, Michal"]
[Result "0-1"]
[WhiteElo "2221"]
[BlackElo "2381"]
[PlyCount "122"]
[EventDate "2009.??.??"]

1. e4 Nf6 2. e5 Nd5 3. d4 d6 4. c4 Nb6 5. exd6 exd6 6. Nc3 Be7 7. Be3 O-O 8.
Qf3 Nc6 9. O-O-O Be6 10. b3 Qc8 11. h3 Bf5 12. g4 Bg6 13. Nge2 f5 14. Nf4 fxg4
15. Qxg4 Bf5 16. Qg3 Bf6 17. Nh5 Qe8 18. Be2 Ne7 19. Rhg1 Bg6 20. Nxf6+ Rxf6
21. Qg2 Rb8 22. Bg5 Rf8 23. Bf3 Qf7 24. Bxe7 Qxf3 25. Qxf3 Rxf3 26. Nb5 Rf7 27.
Bh4 a6 28. Nc3 Rf3 29. Rg3 Rbf8 30. Rxf3 Rxf3 31. Kb2 Rxh3 32. Bg3 Rh5 33. Ne2
Rf5 34. Nf4 Bf7 35. Re1 g5 36. Ne6 Bxe6 37. Rxe6 h5 38. Re2 h4 39. Bh2 Kf7 40.
Kc2 Rf3 41. Kd2 Rh3 42. c5 Rxh2 43. cxb6 cxb6 44. Ke3 g4 45. Re1 Rg2 46. Rh1 h3
47. f3 Rxa2 48. fxg4 Rb2 49. Kf4 Rxb3 50. Kg5 Rg3 51. Kh4 Rf3 52. Kh5 b5 53.
Kh6 b4 54. g5 Rg3 55. Rf1+ Ke6 56. Rh1 b3 57. Rh2 a5 58. g6 a4 59. g7 a3 60.
Re2+ Kd5 61. Re3 Rxg7 0-1

[Event "Cracovia 2009"]
[Site "Krakow"]
[Date "2010.01.02"]
[Round "6.8"]
[White "Khaetsky, Roman"]
[Black "Sadzikowski, Daniel"]
[Result "1-0"]
[WhiteElo "2375"]
[BlackElo "2287"]
[PlyCount "45"]
[EventDate "2009.??.??"]

1. e4 e5 2. f4 Bc5 3. Nf3 d6 4. c3 Bb6 5. d4 exd4 6. cxd4 Nf6 7. Nc3 O-O 8. e5
dxe5 9. fxe5 Nd5 10. Bc4 Be6 11. Qb3 Ba5 12. O-O Bxc3 13. bxc3 Nc6 14. Ng5 Na5
15. Qc2 Qxg5 16. Bxg5 Nxc4 17. Rf3 a5 18. Raf1 Ra6 19. Qf2 a4 20. Qh4 Kh8 21.
g4 Bxg4 22. Qxg4 Rg6 23. Rxf7 1-0

[Event "Cracovia 2009"]
[Site "Krakow"]
[Date "2010.01.02"]
[Round "6.9"]
[White "Bronowicki, Mateusz"]
[Black "Duda, Jan-Krzysztof"]
[Result "0-1"]
[WhiteElo "2366"]
[BlackElo "2079"]
[PlyCount "90"]
[EventDate "2009.??.??"]

1. d4 d5 2. c4 c6 3. Nf3 e6 4. Qc2 Nf6 5. g3 dxc4 6. Qxc4 b5 7. Qc2 Bb7 8. a4
Na6 9. Nc3 b4 10. Ne4 c5 11. Nxc5 Nxc5 12. dxc5 Rc8 13. Be3 Ng4 14. Rd1 Qc7 15.
Bd4 Bxc5 16. Rc1 Bxd4 17. Qxc7 Bxf2+ 18. Kd1 Ne3+ 19. Kd2 O-O 20. Qxc8 Bxc8 21.
Ne5 Rd8+ 22. Nd3 Bb7 23. Bh3 e5 24. Rhf1 Nxf1+ 25. Rxf1 Bd4 26. Kc2 a5 27. Rd1
Be4 28. Kb1 Be3 29. Ka2 g5 30. Rf1 Bxd3 31. exd3 Rxd3 32. Bg4 Rd2 33. Bh5 Bd4
34. Bxf7+ Kg7 35. Kb3 Rxb2+ 36. Kc4 Rxh2 37. Be6 Rc2+ 38. Kd5 b3 39. Rf7+ Kg6
40. Rb7 b2 41. g4 Rf2 42. Bg8 h5 43. Bh7+ Kf6 44. gxh5 g4 45. Bd3 Kg5 0-1

[Event "Cracovia 2009"]
[Site "Krakow"]
[Date "2010.01.02"]
[Round "6.10"]
[White "Skawinski, Arkadiusz"]
[Black "Llaneza Vega, Patricia"]
[Result "1/2-1/2"]
[WhiteElo "2206"]
[BlackElo "2276"]
[PlyCount "43"]
[EventDate "2009.??.??"]

1. e4 c5 2. c3 d5 3. exd5 Qxd5 4. d4 g6 5. Be3 cxd4 6. Qxd4 Nf6 7. Qxd5 Nxd5 8.
Bd4 f6 9. Bc4 Be6 10. Na3 Nc6 11. Nf3 Bf7 12. O-O-O Bh6+ 13. Kb1 O-O 14. Bb3
Rfd8 15. Nc2 Nxd4 16. Nfxd4 a6 17. g3 e5 18. Ne2 b5 19. Rd3 Nb6 20. Bxf7+ Kxf7
21. Rhd1 Rxd3 22. Rxd3 1/2-1/2

[Event "Cracovia 2009"]
[Site "Krakow"]
[Date "2010.01.02"]
[Round "6.11"]
[White "Dziuba, Marcin"]
[Black "Matras-Clement, Agnieszka"]
[Result "1/2-1/2"]
[WhiteElo "2573"]
[BlackElo "2231"]
[PlyCount "101"]
[EventDate "2009.??.??"]

1. d4 d5 2. c4 c6 3. Nf3 Nf6 4. e3 Bf5 5. Nc3 e6 6. Nh4 Bg6 7. Be2 Nbd7 8. O-O
Bd6 9. g3 O-O 10. Nxg6 hxg6 11. Qb3 Qc7 12. Rd1 dxc4 13. Bxc4 Nb6 14. Be2 e5
15. dxe5 Bxe5 16. Bd2 Rfe8 17. Rac1 Rad8 18. Be1 Rxd1 19. Rxd1 Rd8 20. Rxd8+
Qxd8 21. a4 Qd7 22. a5 Nbd5 23. Nd1 Ne4 24. f3 Nc5 25. Qc4 b6 26. f4 Bc7 27. e4
Nf6 28. Nf2 Qe6 29. e5 Qxc4 30. Bxc4 Nd5 31. b4 Ne6 32. Nd3 g5 33. fxg5 Nxg5
34. Kf2 Kf8 35. h4 Ne6 36. Kf3 Nd4+ 37. Ke4 Nc2 38. Bd2 f5+ 39. Kf3 Ke7 40.
Bxd5 cxd5 41. Nf4 Bxe5 42. Nxd5+ Ke6 43. axb6 axb6 44. Nxb6 Bd6 45. Bc3 g6 46.
Nc4 Bxb4 47. Bh8 Bd6 48. Nxd6 Kxd6 49. Bc3 Kd5 50. Kf4 Ke6 51. Kg5 1/2-1/2

[Event "Cracovia 2009"]
[Site "Krakow"]
[Date "2010.01.02"]
[Round "6.12"]
[White "Wcislo, Damian"]
[Black "Fraczek, Daniel"]
[Result "1/2-1/2"]
[WhiteElo "2220"]
[BlackElo "2371"]
[PlyCount "35"]
[EventDate "2009.??.??"]

1. d4 Nf6 2. c4 c5 3. d5 e6 4. Nc3 exd5 5. cxd5 d6 6. g3 g6 7. Bg2 Bg7 8. Nf3
O-O 9. O-O Nbd7 10. Bf4 Qe7 11. h3 a6 12. a4 Nh5 13. Bg5 f6 14. Bd2 f5 15. Qc1
Ne5 16. Nxe5 Bxe5 17. Bg5 Qf7 18. Qc2 1/2-1/2

[Event "Cracovia 2009"]
[Site "Krakow"]
[Date "2010.01.02"]
[Round "6.13"]
[White "Dworakowska, Joanna"]
[Black "Barski, Radoslaw"]
[Result "1-0"]
[WhiteElo "2361"]
[BlackElo "2206"]
[PlyCount "71"]
[EventDate "2009.??.??"]

1. e4 c5 2. Nf3 d6 3. d4 cxd4 4. Nxd4 Nf6 5. Nc3 a6 6. Be2 e5 7. Nb3 Be7 8. Bg5
Be6 9. Bxf6 Bxf6 10. Qd3 Nc6 11. O-O-O Nd4 12. Nxd4 exd4 13. Nd5 Bxd5 14. exd5
O-O 15. Qf3 Qa5 16. Kb1 Rfe8 17. Bd3 Re5 18. h4 Qxd5 19. Qh3 h5 20. f4 Re7 21.
Rhe1 Rxe1 22. Rxe1 a5 23. a4 Rb8 24. g4 hxg4 25. Qxg4 b5 26. axb5 a4 27. h5 a3
28. Qd7 Kf8 29. Qc7 Re8 30. Rxe8+ Kxe8 31. b6 Qa5 32. Qc6+ Ke7 33. Bb5 Bh4 34.
Qd7+ Kf6 35. Qxd6+ Kf5 36. Qe5+ 1-0